| 000 | 00737na a2200265 4500 | ||
|---|---|---|---|
| 001 | 14857 | ||
| 003 | MIRAKIL | ||
| 005 | 20181213154903.0 | ||
| 008 | 161028b tu 000 0 | ||
| 020 | _a9751606780 | ||
| 040 |
_aMilas _btur _cTR-AnCHP |
||
| 041 | _atur | ||
| 082 |
_a809 _bG71d |
||
| 090 | _a809 G71d 1995 | ||
| 100 |
_aGöçgün, Önder _d1945- |
||
| 245 |
_aDünden Bugüne Yunus Emre _cÖnder Göçgün |
||
| 246 | _aYunus Emre | ||
| 260 |
_aAnkara _bAtatürk Kültür, Dil ve Tarih Yüksek Kurumu _c1995 |
||
| 300 |
_a86 s. _c24 sm. |
||
| 490 |
_aAtatürk Kültür Merkezi yayını _v92 |
||
| 600 |
_aYunus Emre _d1240-1320 |
||
| 650 | _aTürk edebiyatı | ||
| 650 | _aTasavvuf edebiyatı | ||
| 942 |
_2ddc _cBKS |
||
| 999 |
_c2603 _d2603 |
||